LEADER 01939nam0 2200397 i 450 001 SUN0115127 005 20180301103116.127 010 $d0.00 017 70$2N$a978-3-319-32162-2 100 $a20180222d2016 |0engc50 ba 101 $aeng 102 $aCH 105 $a|||| ||||| 200 1 $a*Open problems in mathematics$fJohn Forbes Nash, Jr., Michael Th. Rassias editors 205 $a[Cham] : Springer, 2016 210 $aXIII$d543 p.$cill. ; 24 cm 215 $aPubblicazione in formato elettronico 606 $a35Q30$xNavier-Stokes equations [MSC 2020]$2MF$3SUNC019723 606 $a01A70$xBiographies, obituaries, personalia, bibliographies [MSC 2020]$2MF$3SUNC019752 606 $a52C10$xErd?s problems and related topics of discrete geometry [MSC 2020]$2MF$3SUNC023694 606 $a00B15$xCollections of articles of miscellaneous specific interest [MSC 2020]$2MF$3SUNC023985 606 $a11M26$xNonreal zeros of $\zeta (s)$ and $L(s, \chi)$; Riemann and other hypotheses [MSC 2020]$2MF$3SUNC025031 606 $a11D41$xHigher degree equations; Fermat's equation [MSC 2020]$2MF$3SUNC028263 606 $a68Q15$xComplexity classes (hierarchies, relations among complexity classes, etc.) [MSC 2020]$2MF$3SUNC028792 620 $aCH$dCham$3SUNL001889 702 1$aRassias$b, Michael Th.$f1987- $3SUNV080299 702 1$aNash$b, John Forbes jr.$f1928-2015$3SUNV089121 712 $aSpringer$3SUNV000178$4650 790 1$aNash, John jr.$zNash, John Forbes jr. <1928-2015>$3SUNV089123 790 1$aNash, John F.$zNash, John Forbes jr. <1928-2015>$3SUNV089124 801 $aIT$bSOL$c20201012$gRICA 856 4 $uhttp://dx.doi.org/10.1007/978-3-319-32162-2 912 $aSUN0115127 950 $aBIBLIOTECA CENTRO DI SERVIZIO SBA$d15CONS SBA EBOOK 2427 $e15EB 2427 20180222 996 $aOpen problems in mathematics$91523536 997 $aUNICAMPANIA LEADER 01273nam a2200325 i 4500 001 991000682589707536 005 20020507172220.0 008 961116s1965 us ||| | eng 035 $ab10742621-39ule_inst 035 $aLE01300656$9ExL 040 $aDip.to Matematica$beng 082 0 $a515.94 084 $aAMS 32A 084 $aAMS 32E 100 1 $aGunning, Robert Clifford$041063 245 10$aAnalytic functions of several complex variables /$cRobert C. Gunning and Hugo Rossi 260 $aEnglewood Cliffs, N. J. :$bPrentice-Hall,$cc1965 300 $axii, 317 p. :$bill. ;$c24 cm. 490 0 $aPrentice-Hall series in modern analysis 500 $a"References": p. 296. Bibliography: p. 297-311 650 4$aFunctional analysis 650 4$aFunctions of several complex variables 650 4$aHolomorphic convexity 700 1 $aRossi, Hugo$eauthor$4http://id.loc.gov/vocabulary/relators/aut$047457 907 $a.b10742621$b23-02-17$c28-06-02 912 $a991000682589707536 945 $aLE013 32A GUN11 (1965)$g1$i2013000068497$lle013$o-$pE0.00$q-$rl$s- $t0$u1$v0$w1$x0$y.i10834047$z28-06-02 996 $aAnalytic functions of several complex variables$9354453 997 $aUNISALENTO 998 $ale013$b01-01-96$cm$da $e-$feng$gus $h0$i1